[Event "2nd Easter 4NCL Congress"]
[Site "Daventry"]
[Date "2022.04.17"]
[Round "5"]
[Board "6"]
[White "Dignam, Matthew P"]
[Black "James, Russell A"]
[Result "0-1"]
[WhiteElo "2314"]
[BlackElo "2140"]
[PlyCount "0"]
[EventDate "2022.04.15"]
[EventRounds "7"]
[EventCountry "ENG"]

1. d4 {[%clk 01:30:46]} {[%emt 00:00:12]} Nf6 {[%clk 01:30:26]} {[%emt
00:00:35]} 2. Nc3 {[%clk 01:30:39]} {[%emt 00:00:37]} d5 {[%clk 01:30:34]}
{[%emt 00:00:22]} 3. Bg5 {[%clk 01:30:55]} {[%emt 00:00:14]} h6 {[%clk
01:30:05]} {[%emt 00:01:00]} 4. Bxf6 {[%clk 01:30:54]} {[%emt 00:00:30]} exf6
{[%clk 01:30:13]} {[%emt 00:00:22]} 5. e3 {[%clk 01:28:13]} {[%emt 00:03:11]}
Bb4 {[%clk 01:23:57]} {[%emt 00:06:46]} 6. Bd3 {[%clk 01:21:02]} {[%emt
00:07:40]} c5 {[%clk 01:17:34]} {[%emt 00:06:53]} 7. dxc5 {[%clk 01:15:40]}
{[%emt 00:05:53]} Bxc3+ {[%clk 01:12:25]} {[%emt 00:05:39]} 8. bxc3 {[%clk
01:15:51]} {[%emt 00:00:20]} Qa5 {[%clk 01:11:33]} {[%emt 00:01:21]} 9. Ne2
{[%clk 01:14:27]} {[%emt 00:01:55]} Qxc5 {[%clk 01:02:59]} {[%emt 00:09:03]} 10.
Rb1 {[%clk 01:05:11]} {[%emt 00:09:46]} a6 {[%clk 01:00:15]} {[%emt 00:03:15]}
11. O-O {[%clk 01:05:11]} {[%emt 00:00:28]} Nc6 {[%clk 00:58:41]} {[%emt
00:02:05]} 12. Nf4 {[%clk 01:03:47]} {[%emt 00:01:55]} Ne7 {[%clk 00:33:57]}
{[%emt 00:25:14]} 13. Qh5 {[%clk 00:52:29]} {[%emt 00:11:48]} f5 {[%clk
00:31:48]} {[%emt 00:02:39]} 14. Qf3 {[%clk 00:48:46]} {[%emt 00:04:12]} O-O
{[%clk 00:25:40]} {[%emt 00:06:39]} 15. Rfd1 {[%clk 00:45:21]} {[%emt
00:03:55]} Qxc3 {[%clk 00:20:49]} {[%emt 00:05:21]} 16. Nxd5 {[%clk 00:43:50]}
{[%emt 00:02:01]} Nxd5 {[%clk 00:20:27]} {[%emt 00:00:52]} 17. Qxd5 {[%clk
00:44:10]} {[%emt 00:00:09]} Be6 {[%clk 00:10:22]} {[%emt 00:10:37]} 18. Qxb7
{[%clk 00:40:07]} {[%emt 00:04:32]} Bxa2 {[%clk 00:08:02]} {[%emt 00:02:50]} 19.
Ra1 {[%clk 00:25:16]} {[%emt 00:15:22]} Bc4 {[%clk 00:05:51]} {[%emt 00:02:40]}
20. Bxf5 {[%clk 00:22:20]} {[%emt 00:03:26]} Be2 {[%clk 00:05:42]} {[%emt
00:00:40]} 21. Re1 {[%clk 00:13:54]} {[%emt 00:08:54]} Rab8 {[%clk 00:05:02]}
{[%emt 00:01:11]} 22. Qa7 {[%clk 00:08:03]} {[%emt 00:06:20]} Rfd8 {[%clk
00:04:21]} {[%emt 00:01:13]} 23. Rab1 {[%clk 00:06:11]} {[%emt 00:02:20]} Rxb1
{[%clk 00:03:12]} {[%emt 00:01:40]} 24. Rxb1 {[%clk 00:06:38]} {[%emt
00:00:03]} Qb4 {[%clk 00:02:30]} {[%emt 00:01:10]} 25. Ra1 {[%clk 00:05:17]}
{[%emt 00:01:53]} Qa5 {[%clk 00:02:07]} {[%emt 00:00:53]} 26. Rb1 {[%clk
00:05:08]} {[%emt 00:00:40]} Qxf5 {[%clk 00:02:18]} {[%emt 00:00:19]} 27. Qc7
{[%clk 00:05:02]} {[%emt 00:00:35]} Qd7 {[%clk 00:01:44]} {[%emt 00:01:03]} 28.
Qxd7 {[%clk 00:04:30]} {[%emt 00:01:03]} Rxd7 {[%clk 00:02:09]} {[%emt
00:00:05]} 29. Rb8+ {[%clk 00:04:40]} {[%emt 00:00:19]} Kh7 {[%clk 00:02:35]}
{[%emt 00:00:05]} 30. f4 {[%clk 00:04:23]} {[%emt 00:00:47]} Rc7 {[%clk
00:02:35]} {[%emt 00:00:30]} 31. Rb2 {[%clk 00:04:47]} {[%emt 00:00:07]} Bd1
{[%clk 00:02:25]} {[%emt 00:00:39]} 32. Ra2 {[%clk 00:05:12]} {[%emt 00:00:06]}
Rc6 {[%clk 00:02:38]} {[%emt 00:00:17]} 33. c3 {[%clk 00:05:23]} {[%emt
00:00:18]} Bb3 {[%clk 00:02:12]} {[%emt 00:00:56]} 34. Ra3 {[%clk 00:05:50]}
{[%emt 00:00:04]} Rxc3 {[%clk 00:02:09]} {[%emt 00:00:33]} 35. Kf2 {[%clk
00:06:08]} {[%emt 00:00:12]} Rc2+ {[%clk 00:01:20]} {[%emt 00:01:18]} 36. Kf3
{[%clk 00:06:33]} {[%emt 00:00:05]} Bc4 {[%clk 00:01:40]} {[%emt 00:00:10]} 37.
h4 {[%clk 00:06:06]} {[%emt 00:00:57]} f5 {[%clk 00:01:51]} {[%emt 00:00:19]}
38. Ra5 {[%clk 00:06:12]} {[%emt 00:00:24]} Be2+ {[%clk 00:01:48]} {[%emt
00:00:33]} 39. Kg3 {[%clk 00:06:20]} {[%emt 00:00:21]} Bb5 {[%clk 00:02:02]}
{[%emt 00:00:16]} 40. h5 {[%clk 00:05:51]} {[%emt 00:01:00]} g6 {[%clk
00:02:19]} {[%emt 00:00:13]} 41. hxg6+ {[%clk 00:05:57]} {[%emt 00:00:24]} Kxg6
{[%clk 00:02:44]} {[%emt 00:00:04]} 42. Ra1 {[%clk 00:05:04]} {[%emt 00:01:24]}
Rc6 {[%clk 00:02:12]} {[%emt 00:01:03]} 43. Kf3 {[%clk 00:05:21]} {[%emt
00:00:13]} h5 {[%clk 00:02:21]} {[%emt 00:00:20]} 44. Ra3 {[%clk 00:04:48]}
{[%emt 00:01:03]} Re6 {[%clk 00:02:30]} {[%emt 00:00:21]} 45. g3 {[%clk
00:04:57]} {[%emt 00:00:21]} Bc6+ {[%clk 00:02:50]} {[%emt 00:00:10]} 46. Ke2
{[%clk 00:04:39]} {[%emt 00:00:47]} Be4 {[%clk 00:03:05]} {[%emt 00:00:16]} 47.
Ra5 {[%clk 00:04:45]} {[%emt 00:00:25]} Rd6 {[%clk 00:02:39]} {[%emt 00:00:55]}
48. Re5 {[%clk 00:05:01]} {[%emt 00:00:13]} Kf6 {[%clk 00:02:57]} {[%emt
00:00:13]} 49. Re8 {[%clk 00:05:22]} {[%emt 00:00:09]} a5 {[%clk 00:02:48]}
{[%emt 00:00:39]} 50. Rh8 {[%clk 00:05:46]} {[%emt 00:00:06]} Kg6 {[%clk
00:02:24]} {[%emt 00:00:54]} 51. Rg8+ {[%clk 00:05:55]} {[%emt 00:00:22]} Kf7
{[%clk 00:02:37]} {[%emt 00:00:17]} 52. Rh8 {[%clk 00:05:32]} {[%emt 00:00:53]}
a4 {[%clk 00:01:18]} {[%emt 00:01:49]} 53. Rh7+ {[%clk 00:05:59]} {[%emt
00:00:03]} Kg6 {[%clk 00:01:22]} {[%emt 00:00:24]} 54. Ra7 {[%clk 00:06:24]}
{[%emt 00:00:07]} Bc6 {[%clk 00:01:13]} {[%emt 00:00:38]} 55. Ra5 {[%clk
00:06:40]} {[%emt 00:00:14]} Rd5 {[%clk 00:01:23]} {[%emt 00:00:21]} 56. Ra6
{[%clk 00:06:57]} {[%emt 00:00:13]} Rd6 {[%clk 00:01:43]} {[%emt 00:00:09]} 57.
Ra5 {[%clk 00:07:24]} {[%emt 00:00:04]} Kf6 {[%clk 00:01:58]} {[%emt 00:00:14]}
58. Rc5 {[%clk 00:06:53]} {[%emt 00:01:02]} Bb7 {[%clk 00:02:07]} {[%emt
00:00:20]} 59. Rc3 {[%clk 00:05:37]} {[%emt 00:01:45]} Ba6+ {[%clk 00:02:03]}
{[%emt 00:00:36]} 60. Ke1 {[%clk 00:05:58]} {[%emt 00:00:09]} Bb5 {[%clk
00:02:13]} {[%emt 00:00:19]} 61. Rc5 {[%clk 00:06:23]} {[%emt 00:00:06]} Rb6
{[%clk 00:02:11]} {[%emt 00:00:30]} 62. e4 {[%clk 00:06:38]} {[%emt 00:00:17]}
Bd7 {[%clk 00:01:27]} {[%emt 00:01:13]} 63. Rd5 {[%clk 00:05:50]} {[%emt
00:01:18]} Be6 {[%clk 00:01:29]} {[%emt 00:00:28]} 64. e5+ {[%clk 00:05:31]}
{[%emt 00:00:49]} Ke7 {[%clk 00:01:49]} {[%emt 00:00:11]} 65. Ra5 {[%clk
00:05:59]} {[%emt 00:00:02]} Bd7 {[%clk 00:02:00]} {[%emt 00:00:19]} 66. Kf2
{[%clk 00:05:22]} {[%emt 00:01:06]} Rb2+ {[%clk 00:02:19]} {[%emt 00:00:11]} 67.
Kg1 {[%clk 00:03:27]} {[%emt 00:02:25]} Rb3 {[%clk 00:02:41]} {[%emt 00:00:08]}
68. Kh2 {[%clk 00:03:35]} {[%emt 00:00:22]} a3 {[%clk 00:01:37]} {[%emt
00:01:35]} 69. Kh3 {[%clk 00:03:59]} {[%emt 00:00:06]} Rd3 {[%clk 00:01:24]}
{[%emt 00:00:42]} 70. Kh4 {[%clk 00:04:21]} {[%emt 00:00:08]} Rc3 {[%clk
00:01:17]} {[%emt 00:00:37]} 71. Ra6 {[%clk 00:04:31]} {[%emt 00:00:20]} Rd3
{[%clk 00:01:21]} {[%emt 00:00:26]} 72. Ra5 {[%clk 00:03:14]} {[%emt 00:01:48]}
Be6 {[%clk 00:01:33]} {[%emt 00:00:17]} 73. Ra7+ {[%clk 00:03:32]} {[%emt
00:00:12]} Bd7 {[%clk 00:01:15]} {[%emt 00:00:48]} 74. Ra6 {[%clk 00:03:53]}
{[%emt 00:00:09]} Bb5 {[%clk 00:01:03]} {[%emt 00:00:40]} 75. Ra5 {[%clk
00:04:04]} {[%emt 00:00:21]} Rb3 {[%clk 00:00:53]} {[%emt 00:00:41]} 76. Kxh5
{[%clk 00:04:22]} {[%emt 00:00:12]} Be8+ {[%clk 00:00:56]} {[%emt 00:00:27]} 77.
Kg5 {[%clk 00:04:46]} {[%emt 00:00:06]} Rxg3+ {[%clk 00:01:18]} {[%emt
00:00:07]} 78. Kh6 {[%emt 00:01:37]} Rg6+ {[%clk 00:01:23]} 79. Kh7 {[%clk
00:04:29]} {[%emt 00:00:05]} Rg4 {[%clk 00:01:25]} {[%emt 00:00:28]} 80. Rxa3
{[%clk 00:02:42]} {[%emt 00:02:18]} Rxf4 {[%clk 00:01:32]} {[%emt 00:00:23]} 81.
Kg7 {[%clk 00:02:08]} {[%emt 00:01:03]} Rg4 {[%clk 00:01:49]} {[%emt 00:00:12]}
82. Kh6 {[%clk 00:02:33]} {[%emt 00:00:06]} Rg6+ {[%clk 00:02:06]} {[%emt
00:00:13]} 83. Kh7 {[%clk 00:02:55]} {[%emt 00:00:07]} Re6 {[%clk 00:02:12]}
{[%emt 00:00:24]} 84. Ra5 {[%clk 00:02:12]} {[%emt 00:01:13]} Bc6 {[%emt
00:01:29]} 85. Ra7+ {[%clk 00:02:26]} Bd7 {[%clk 00:01:51]} {[%emt 00:00:10]}
86. Ra5 {[%clk 00:02:48]} {[%emt 00:00:07]} Rb6 {[%clk 00:02:01]} {[%emt
00:00:20]} 87. Ra7 {[%clk 00:01:10]} {[%emt 00:02:08]} Rb5 {[%clk 00:02:14]}
{[%emt 00:00:17]} 88. Kg6 {[%clk 00:01:09]} {[%emt 00:00:32]} Rxe5 {[%clk
00:02:38]} {[%emt 00:00:06]} 89. Kg5 {[%clk 00:01:28]} {[%emt 00:00:11]} Re4
{[%clk 00:02:55]} {[%emt 00:00:12]} 90. Ra6 {[%clk 00:01:33]} {[%emt 00:00:25]}
Rg4+ {[%clk 00:03:15]} {[%emt 00:00:11]} 91. Kh5 {[%clk 00:01:52]} {[%emt
00:00:11]} Be8+ {[%clk 00:03:29]} {[%emt 00:00:16]} 92. Kh6 {[%clk 00:02:09]}
{[%emt 00:00:12]} Rg6+ {[%clk 00:03:45]} {[%emt 00:00:14]}  0-1

[Event "2nd Easter 4NCL Congress"]
[Site "Daventry"]
[Date "2022.04.17"]
[Round "5"]
[Board "7"]
[White "White, Stuart A"]
[Black "Lentzos, Ioannis"]
[Result "1/2-1/2"]
[WhiteElo "2097"]
[BlackElo "2152"]
[PlyCount "0"]
[EventDate "2022.04.15"]
[EventRounds "7"]
[EventCountry "ENG"]

1. d4 {[%clk 01:30:56]} {[%emt 00:00:02]} d5 {[%clk 01:30:55]} {[%emt
00:00:08]} 2. c4 {[%clk 01:31:15]} {[%emt 00:00:11]} c6 {[%clk 01:31:20]}
{[%emt 00:00:05]} 3. cxd5 {[%clk 01:30:26]} {[%emt 00:01:19]} cxd5 {[%clk
01:31:44]} {[%emt 00:00:07]} 4. Bf4 {[%clk 01:30:47]} {[%emt 00:00:08]} Nc6
{[%clk 01:32:08]} {[%emt 00:00:07]} 5. e3 {[%clk 01:30:59]} {[%emt 00:00:18]}
Nf6 {[%clk 01:32:29]} {[%emt 00:00:08]} 6. Nc3 {[%clk 01:31:24]} {[%emt
00:00:05]} a6 {[%clk 01:32:53]} {[%emt 00:00:07]} 7. Bd3 {[%clk 01:29:50]}
{[%emt 00:02:04]} Bg4 {[%clk 01:33:10]} {[%emt 00:00:13]} 8. Nge2 {[%clk
01:29:29]} {[%emt 00:00:50]} e6 {[%clk 01:33:14]} {[%emt 00:00:27]} 9. O-O
{[%clk 01:25:08]} {[%emt 00:04:50]} Bd6 {[%clk 01:33:17]} {[%emt 00:00:27]} 10.
f3 {[%clk 01:16:03]} {[%emt 00:09:35]} Bh5 {[%clk 01:33:40]} {[%emt 00:00:09]}
11. Rc1 {[%clk 01:12:18]} {[%emt 00:04:14]} O-O {[%clk 01:31:31]} {[%emt
00:02:39]} 12. Bxd6 {[%clk 01:09:29]} {[%emt 00:03:18]} Qxd6 {[%clk 01:31:58]}
{[%emt 00:00:04]} 13. Nf4 {[%clk 01:08:39]} {[%emt 00:01:20]} Bg6 {[%clk
01:32:12]} {[%emt 00:00:17]} 14. Nxg6 {[%clk 01:05:50]} {[%emt 00:03:18]} hxg6
{[%clk 01:25:52]} {[%emt 00:06:50]} 15. f4 {[%clk 01:05:59]} {[%emt 00:00:21]}
b5 {[%clk 01:25:31]} {[%emt 00:00:51]} 16. Qe2 {[%clk 00:51:57]} {[%emt
00:14:31]} Na5 {[%clk 01:07:01]} {[%emt 00:19:01]} 17. b3 {[%clk 00:42:50]}
{[%emt 00:09:36]} Rfc8 {[%clk 01:05:34]} {[%emt 00:01:57]} 18. Qd2 {[%clk
00:36:56]} {[%emt 00:06:24]} Qb4 {[%clk 00:58:03]} {[%emt 00:08:01]} 19. h3
{[%clk 00:29:53]} {[%emt 00:07:33]} Rc7 {[%clk 00:50:51]} {[%emt 00:07:42]} 20.
Nb1 {[%clk 00:29:12]} {[%emt 00:01:12]} Qxd2 {[%clk 00:51:16]} {[%emt
00:00:05]} 21. Nxd2 {[%clk 00:29:36]} {[%emt 00:00:06]} Rac8 {[%clk 00:51:42]}
{[%emt 00:00:04]} 22. Rxc7 {[%clk 00:29:46]} {[%emt 00:00:20]} Rxc7 {[%clk
00:52:09]} {[%emt 00:00:04]} 23. Kf2 {[%clk 00:29:53]} {[%emt 00:00:21]} Nb7
{[%clk 00:49:17]} {[%emt 00:03:23]} 24. Rb1 {[%clk 00:20:18]} {[%emt 00:10:05]}
Kf8 {[%clk 00:33:38]} {[%emt 00:16:09]} 25. Rb2 {[%clk 00:20:09]} {[%emt
00:00:39]} Ke7 {[%clk 00:33:52]} {[%emt 00:00:16]} 26. Rc2 {[%clk 00:19:59]}
{[%emt 00:00:40]} Kd6 {[%clk 00:34:12]} {[%emt 00:00:10]} 27. Rxc7 {[%clk
00:19:38]} {[%emt 00:00:51]} Kxc7 {[%clk 00:34:38]} {[%emt 00:00:04]} 28. Ke2
{[%clk 00:16:21]} {[%emt 00:03:46]} Kb6 {[%clk 00:33:23]} {[%emt 00:01:45]} 29.
Nf3 {[%clk 00:12:54]} {[%emt 00:03:56]} Nd7 {[%clk 00:31:29]} {[%emt 00:02:26]}
30. Kd2 {[%clk 00:12:02]} {[%emt 00:01:21]} b4 {[%clk 00:26:37]} {[%emt
00:05:22]} 31. Ne5 {[%clk 00:09:29]} {[%emt 00:03:03]} Nxe5 {[%clk 00:26:18]}
{[%emt 00:00:49]} 32. fxe5 {[%clk 00:09:54]} {[%emt 00:00:04]} Nd8 {[%clk
00:22:32]} {[%emt 00:04:17]} 33. Ke2 {[%clk 00:09:34]} {[%emt 00:00:51]} Nc6
{[%clk 00:21:57]} {[%emt 00:01:05]} 34. Kf3 {[%clk 00:09:17]} {[%emt 00:00:46]}
a5 {[%clk 00:14:46]} {[%emt 00:07:42]} 35. h4 {[%clk 00:04:24]} {[%emt
00:05:22]} Ne7 {[%clk 00:10:41]} {[%emt 00:04:36]} 36. Kf4 {[%clk 00:04:05]}
{[%emt 00:00:47]} Nf5 {[%clk 00:09:31]} {[%emt 00:01:42]} 37. Bxf5 {[%clk
00:02:20]} {[%emt 00:02:14]} gxf5 {[%clk 00:09:52]} {[%emt 00:00:10]} 38. Kg5
{[%clk 00:02:16]} {[%emt 00:00:33]} Kc7 {[%clk 00:10:11]} {[%emt 00:00:12]} 39.
g4 {[%clk 00:01:26]} {[%emt 00:01:20]} fxg4 {[%clk 00:08:44]} {[%emt 00:01:57]}
40. Kxg4 {[%clk 00:01:49]} {[%emt 00:00:07]} Kd7 {[%clk 00:09:07]} {[%emt
00:00:07]} 41. Kg5 {[%clk 00:01:36]} {[%emt 00:00:43]} Ke7 {[%clk 00:08:45]}
{[%emt 00:00:52]} 42. h5 {[%clk 00:01:37]} {[%emt 00:00:28]} Kf8 {[%clk
00:08:32]} {[%emt 00:00:43]} 43. Kf4 {[%clk 00:00:58]} {[%emt 00:01:08]} Kg8
{[%clk 00:07:57]} {[%emt 00:01:06]} 44. Kg4 {[%clk 00:00:58]} {[%emt 00:00:30]}
f6 {[%clk 00:07:09]} {[%emt 00:01:19]} 45. exf6 {[%clk 00:00:49]} {[%emt
00:00:39]} gxf6 {[%clk 00:07:37]} 46. Kf4 {[%clk 00:00:52]} {[%emt 00:00:27]}
Kg7 {[%clk 00:07:51]} {[%emt 00:00:17]} 47. Kg4 {[%clk 00:00:35]} {[%emt
00:00:47]} Kh6 {[%clk 00:05:22]} {[%emt 00:02:59]} 48. Kh4 {[%clk 00:01:00]}
{[%emt 00:00:04]} Kh7 {[%clk 00:00:35]} {[%emt 00:05:18]}  1/2-1/2

[Event "2nd Easter 4NCL Congress"]
[Site "Daventry"]
[Date "2022.04.17"]
[Round "5"]
[Board "8"]
[White "Mason, Donald J"]
[Black "Ireland, David J"]
[Result "1-0"]
[WhiteElo "2152"]
[BlackElo "2109"]
[PlyCount "0"]
[EventDate "2022.04.15"]
[EventRounds "7"]
[EventCountry "ENG"]

1. e4 {[%clk 01:29:50]} {[%emt 00:01:10]} c5 {[%clk 01:30:16]} {[%emt
00:00:45]} 2. Nf3 {[%clk 01:30:07]} {[%emt 00:00:13]} d6 {[%clk 01:30:36]}
{[%emt 00:00:10]} 3. d4 {[%clk 01:30:27]} {[%emt 00:00:10]} cxd4 {[%clk
01:30:52]} {[%emt 00:00:14]} 4. Nxd4 {[%clk 01:30:53]} {[%emt 00:00:05]} Nf6
{[%clk 01:31:02]} {[%emt 00:00:19]} 5. Nc3 {[%clk 01:31:14]} {[%emt 00:00:06]}
g6 {[%clk 01:31:02]} {[%emt 00:00:32]} 6. Be3 {[%clk 01:31:38]} {[%emt
00:00:07]} Bg7 {[%clk 01:31:15]} {[%emt 00:00:17]} 7. Be2 {[%clk 01:32:01]}
{[%emt 00:00:07]} Nc6 {[%clk 01:30:42]} {[%emt 00:01:03]} 8. Qd2 {[%clk
01:32:19]} {[%emt 00:00:12]} Bd7 {[%clk 01:26:47]} {[%emt 00:04:26]} 9. O-O-O
{[%clk 01:30:06]} {[%emt 00:02:42]} Rb8 {[%clk 01:21:35]} {[%emt 00:05:41]} 10.
f3 {[%clk 01:27:43]} {[%emt 00:02:53]} O-O {[%clk 01:20:43]} {[%emt 00:01:23]}
11. h4 {[%clk 01:19:48]} {[%emt 00:08:24]} Qa5 {[%clk 01:18:05]} {[%emt
00:03:09]} 12. Nb3 {[%clk 01:17:15]} {[%emt 00:03:03]} Qc7 {[%clk 01:15:07]}
{[%emt 00:03:27]} 13. h5 {[%clk 01:16:06]} {[%emt 00:01:39]} b5 {[%clk
01:09:26]} {[%emt 00:06:12]} 14. Bh6 {[%clk 01:11:54]} {[%emt 00:04:42]} Ne5
{[%clk 01:05:21]} {[%emt 00:04:35]} 15. Bxg7 {[%clk 01:02:38]} {[%emt
00:09:46]} Kxg7 {[%clk 01:04:00]} {[%emt 00:01:50]} 16. hxg6 {[%clk 01:02:50]}
{[%emt 00:00:18]} fxg6 {[%clk 01:03:03]} {[%emt 00:01:27]} 17. Qh6+ {[%clk
01:01:45]} {[%emt 00:01:35]} Kf7 {[%clk 01:02:43]} {[%emt 00:00:50]} 18. Nd5
{[%clk 01:00:28]} {[%emt 00:01:48]} Nxd5 {[%clk 00:59:55]} {[%emt 00:03:18]} 19.
Qxh7+ {[%clk 00:58:15]} {[%emt 00:02:42]} Ke8 {[%clk 00:59:14]} {[%emt
00:01:11]} 20. exd5 {[%clk 00:57:26]} {[%emt 00:01:19]} Bf5 {[%clk 00:58:03]}
{[%emt 00:01:41]} 21. Nd4 {[%clk 00:57:01]} {[%emt 00:00:55]} Qc5 {[%clk
00:50:33]} {[%emt 00:08:00]} 22. g4 {[%clk 00:46:49]} {[%emt 00:10:41]} Bd7
{[%clk 00:43:28]} {[%emt 00:07:37]} 23. f4 {[%clk 00:23:48]} {[%emt 00:23:30]}
Rxf4 {[%clk 00:36:36]} {[%emt 00:07:22]} 24. Qh8+ {[%clk 00:14:37]} {[%emt
00:09:40]} Rf8 {[%clk 00:36:37]} {[%emt 00:00:30]} 25. Rdf1 {[%clk 00:14:34]}
{[%emt 00:00:32]} Bf5 {[%clk 00:31:50]} {[%emt 00:05:18]} 26. Qxf8+ {[%clk
00:14:25]} {[%emt 00:00:39]}  1-0

[Event "2nd Easter 4NCL Congress"]
[Site "Daventry"]
[Date "2022.04.17"]
[Round "5"]
[Board "9"]
[White "Fallowfield, Jeremy R"]
[Black "Stubbs, Oliver"]
[Result "1/2-1/2"]
[WhiteElo "2235"]
[BlackElo "2101"]
[PlyCount "0"]
[EventDate "2022.04.15"]
[EventRounds "7"]
[EventCountry "ENG"]

1. d4 {[%clk 01:30:57]} {[%emt 00:00:03]} Nf6 {[%clk 01:27:26]} {[%emt
00:03:35]} 2. c4 {[%clk 01:31:18]} {[%emt 00:00:07]} g6 {[%clk 01:27:53]}
{[%emt 00:00:04]} 3. Nc3 {[%clk 01:31:42]} {[%emt 00:00:06]} Bg7 {[%clk
01:28:18]} {[%emt 00:00:05]} 4. e4 {[%clk 01:32:05]} {[%emt 00:00:06]} d6
{[%clk 01:28:45]} {[%emt 00:00:04]} 5. Nf3 {[%clk 01:32:12]} {[%emt 00:00:23]}
O-O {[%clk 01:28:51]} {[%emt 00:00:25]} 6. Be2 {[%clk 01:32:34]} {[%emt
00:00:06]} Na6 {[%clk 01:29:17]} {[%emt 00:00:05]} 7. Bg5 {[%clk 01:31:06]}
{[%emt 00:01:58]} h6 {[%clk 01:27:59]} {[%emt 00:01:48]} 8. Bh4 {[%clk
01:24:41]} {[%emt 00:06:54]} e5 {[%clk 01:24:44]} {[%emt 00:03:46]} 9. d5
{[%clk 01:23:15]} {[%emt 00:01:57]} Qe8 {[%clk 01:16:32]} {[%emt 00:08:41]} 10.
Nd2 {[%clk 01:22:32]} {[%emt 00:01:11]} Nh7 {[%clk 01:11:18]} {[%emt 00:05:46]}
11. a3 {[%clk 01:20:46]} {[%emt 00:02:16]} f5 {[%clk 01:11:22]} {[%emt
00:00:26]} 12. f3 {[%clk 01:20:44]} {[%emt 00:00:32]} Nf6 {[%clk 01:06:04]}
{[%emt 00:05:49]} 13. Bf2 {[%clk 01:18:00]} {[%emt 00:03:13]} c5 {[%clk
01:00:30]} {[%emt 00:06:05]} 14. b4 {[%clk 01:10:44]} {[%emt 00:07:44]} b6
{[%clk 00:59:04]} {[%emt 00:01:57]} 15. Nb3 {[%clk 01:02:15]} {[%emt 00:09:00]}
h5 {[%clk 00:46:33]} {[%emt 00:13:01]} 16. bxc5 {[%clk 01:00:04]} {[%emt
00:02:40]} Nxc5 {[%clk 00:41:51]} {[%emt 00:05:13]} 17. Nxc5 {[%clk 00:58:35]}
{[%emt 00:01:58]} bxc5 {[%clk 00:42:11]} {[%emt 00:00:10]} 18. Rb1 {[%clk
00:58:18]} {[%emt 00:00:47]} fxe4 {[%clk 00:39:33]} {[%emt 00:03:09]} 19. Nxe4
{[%clk 00:57:34]} {[%emt 00:01:14]} Nxe4 {[%clk 00:39:28]} {[%emt 00:00:34]} 20.
fxe4 {[%clk 00:58:02]} {[%emt 00:00:02]} Bh6 {[%clk 00:38:23]} {[%emt
00:01:36]} 21. O-O {[%clk 00:56:29]} {[%emt 00:02:01]}  1/2-1/2